000 00728nam a2200229Ia 4500
003 GCL
008 140319s9999 xx 000 0 ara d
040 _aGCL /
_cGCL
082 0 4 _a025
_bف د
100 1 _aفائزة عبدالله المسعرى
245 1 0 _aدليل الطالبة الى المكتبة /
_cفائزة عبدالله المسعرى
250 _aالاولى
260 _aالرياض :
_bدار عالم الكتب للنشر والتوزيع ،
_c1992
300 _a44 ص ؛
_c24 سم
650 0 4 _aالخدمة المكتبية
650 0 4 _aالفهرسة
650 0 4 _aالمكتبات
650 0 4 _aالتصنيف
650 0 4 _aالادلة
650 0 4 _aالاعارة
942 _2ddc
_cBK
999 _c7110
_d7110